01280cam a2200277 a 450000100100000000500170001000800410002702000150006804000300008308200170011324501600013026000300029030000210032049000290034150001410037050400420051161000620055370000410061570000320065671000950068883000380078391000340082104900090085595201210086499900170098500001518020200929163957.0980302s1997 mx b 100 0 spa  a9686101705 aDO-SdBNPbspacDLCdBNPHU a255.5bR332d00aReflexiones a diez años :bde las características de la educación de la Compañía de Jesús /ceditores ; Raúl Fuentes Navarro y Lourdes Jaime. aMéxico :bITESO,c1997. a239 p. ;c23 cm.1 aPedagogía ignacianav4 aActas de un seminario convocado por el Instituto Tecnológico de Estudios Superiores de Occidente, en Guadalajara, diciembre 5-8, 1996. aIncluye referencias bibliográficas.24aJESUITASxEDUCACIÓNzAMÉRICA LATINAxCONGRESOS9343821 aFuentes Navarro, Raúl.eed.9339001 aJaime, Lourdes.eed.9343832 aInstituto Tecnológico de Estudios Superiores de Occidente (Guadalajara, México)928550 0aPedagogía ignaciana ;v4928552 aCatalogación por copia / LC aBNGR 001052708MOaGRbGRcCTd2010-02-02iLF1l0o255.5 R332dp15180-10r2020-06-25w2020-06-25y2ZPréstamo interno c14751d14751